00323nam a2200133Ia 4500008004100000020001500041041001200056082001600068100001400084245002700098260003800125300000800163650001800171221030s9999 xx 000 0 und d a8171698522 aEnglish a105.23bDev aVasu Deva 0aE- Salescby Vasu Deva bCommonwealth PubaNew Delhic2005 a244 aMBA Computers